Two voices one song (barbie) - lyrics - Statistics

General Stats
  • This quiz has been taken 51 times
    38 since last reset
  • The average score is 184 of 241
Answer Stats
Answer % Correct
A
100%
I
96%
so
96%
The
96%
Bring
91%
Could
91%
For
91%
Go
91%
If
91%
In
91%
One
91%
Smile
91%
Song
91%
The smile
91%
Thing
91%
This
91%
Two
91%
Voices
91%
We
91%
You
91%
Along
87%
Come
87%
Take
87%
That
87%
To
87%
Wish
87%
World
87%
And
83%
I'll
83%
I'm
83%
Me
83%
Wherever
83%
You're
83%
Dream
78%
Here
78%
It
78%
My
78%
Same
78%
Together
78%
All
74%
Always
74%
Any
74%
Blue
74%
Forever
74%
How
74%
I'd
74%
Is
74%
Oh
74%
Okay
74%
Say
74%
Sky
74%
Talk
74%
Way
74%
When
74%
Anyway
70%
Around
70%
But
70%
Find
70%
Friend
70%
Jokes
70%
Know
70%
Like
70%
Make
70%
Of
70%
Things
70%
Laugh
65%
Rare
65%
Somehow
65%
It's
61%
Be
57%
Sound
57%
Are
48%
Call
48%
Name
48%
Listen
43%
Woah
43%
woah
43%
Sing
39%
Will
39%
Anywhere
35%
Heart
35%
With
35%
By
30%
Have
30%
Loud
30%
New
30%
Now
30%
Out
30%
Sweetest
30%
Cant
26%
Fit
26%
Forward
26%
Looking
26%
Need
26%
Never
26%
Parts
26%
Pieces
26%
Quit
26%
Side
26%
Try
26%
Wrong
26%
Everyday
22%
Path
22%
Something
22%
No matching quizzes found
Score Distribution
Percent of People with Each Score
Percentile by Number Answered
Your Score History
You have not taken this quiz since the last reset